Diseño Curricular Nivel Inicial (Record no. 8410)

MARC details
000 -LEADER
campo de control de longitud fija 00377nam a2200133Ia 4500
001 - NÚMERO DE CONTROL
campo de control 3849
008 - DATOS DE LONGITUD FIJA--INFORMACIÓN GENERAL
campo de control de longitud fija 241024s9999 xx 000 0 und d
082 ## - NÚMERO DE LA CLASIFICACIÓN DECIMAL DEWEY
Número de clasificación RD/375/R426d/2014/P
100 ## - ENTRADA PRINCIPAL--NOMBRE DE PERSONA
Nombre de persona República Dominicana. Ministerio de Educación, MINERD
245 #0 - MENCIÓN DEL TÍTULO
Título Diseño Curricular Nivel Inicial
260 ## - PUBLICACIÓN, DISTRIBUCIÓN, ETC.
Nombre del editor, distribuidor, etc. Santo Domingo
Fecha de publicación, distribución, etc. 2014
901 ## - ELEMENTOS DE DATOS A LOCAL LDA (RLIN)
a 17/11/2014 9:52:00 a.m.

No items available.

© 2024. Todos los Derechos Reservados. Desarrollado por IDEICE